Sūra aura unakī sāhitya. (Record no. 73999)

MARC details
000 -LEADER
fixed length control field 00679cam a22002291 4500
001 - CONTROL NUMBER
control field sa 67003704
003 - CONTROL NUMBER IDENTIFIER
control field DLC
005 - DATE AND TIME OF LATEST TRANSACTION
control field 20260227112340.0
008 - FIXED-LENGTH DATA ELEMENTS--GENERAL INFORMATION
fixed length control field 890619s1965 ii b 000 0 hino
010 ## - LIBRARY OF CONGRESS CONTROL NUMBER
LC control number sa 67003704
035 ## - SYSTEM CONTROL NUMBER
System control number (OCoLC)19891919
040 ## - CATALOGING SOURCE
Original cataloging agency DLC
Transcribing agency WaU
Modifying agency NRU
-- DLC
042 ## - AUTHENTICATION CODE
Authentication code premarc
050 00 - LIBRARY OF CONGRESS CALL NUMBER
Classification number PK2095.S8
Item number Z847
100 1# - MAIN ENTRY--PERSONAL NAME
Personal name Śarmā, Haravaṃśalāla,
Dates associated with a name 1915-
245 10 - TITLE STATEMENT
Title Sūra aura unakī sāhitya.
Statement of responsibility, etc. Lekhaka Harabansalāla Sharmā.
260 ## - PUBLICATION, DISTRIBUTION, ETC.
Place of publication, distribution, etc. Alīgaḍha,
Name of publisher, distributor, etc. Bhārata Prakāśana
Date of publication, distribution, etc. [1965]
300 ## - PHYSICAL DESCRIPTION
Extent 22, 379, 37, 20 p.
Dimensions 25 cm.
546 ## - LANGUAGE NOTE
Language note In Hindi.
504 ## - BIBLIOGRAPHY, ETC. NOTE
Bibliography, etc. note Bibliography: p. 16-20 (last group)
600 00 - SUBJECT ADDED ENTRY--PERSONAL NAME
Personal name Sūradāsa,
Dates associated with a name 1483?-1563?

No items available.

Powered by Koha